000 01219nam a2200253Ia 4500
999 _c56051
_d56051
001 23151
003 GE_BSU
005 20230717171735.0
008 181216s2006||||ge |||||||||||||| ||geo||
020 _a99940-54-34-1
040 _cGE_BSU
041 _ageo
080 _a82-93:821.111(73)-311.3 ტ-54
100 _aტვენი, მარკ
_916107
245 _aტომ სოიერის თავგადასავალი /
_cინგლ. თარგმნა ასმათ ლეკიაშვილმა ; რედ. მალხაზ ხარბედია ; მხატვ. მამუკა ტყეშელაშვილი.
264 _aთბილისი :
_bარეტე,
_c2006.
300 _a255 გვ. :
_bნახ. ;
_c20 სმ.
541 _h8 ლ.
653 _aტომ სოიერის თავგადასავალი
700 _aლეკიაშვილი, ასმათ
_eმთარგმნელი
_919401
700 _a ხარბედია, მალხაზ
_eრედაქტორი
_919402
700 _aტყეშელაშვილი, მამუკა
_eმხატვარი
_940
942 _cBK
_2udc